Hardman's tax rates & tables. 2007-08 (Record no. 83)

000 -LEADER
fixed length control field nam a22 a 4500
005 - DATE AND TIME OF LATEST TRANSACTION
control field 20170417110251.0
008 - FIXED-LENGTH DATA ELEMENTS--GENERAL INFORMATION
fixed length control field 170417s2007 -uk||||| |||| 00| 0 eng d
020 ## - INTERNATIONAL STANDARD BOOK NUMBER
International Standard Book Number 9781841408798
040 ## - CATALOGING SOURCE
Original cataloging agency AKMAL
082 ## - DEWEY DECIMAL CLASSIFICATION NUMBER
Classification number 336.2009941 HAR
090 ## - LOCALLY ASSIGNED LC-TYPE CALL NUMBER (OCLC); LOCAL CALL NUMBER (RLIN)
Classification number (OCLC) (R) ; Classification number, CALL (RLIN) (NR) 336.2009941
Local cutter number (OCLC) ; Book number/undivided call number, CALL (RLIN) HAR
245 00 - TITLE STATEMENT
Title Hardman's tax rates & tables. 2007-08
250 1# - EDITION STATEMENT
Edition statement CCH Hardman's tax rates & tables
260 ## - PUBLICATION, DISTRIBUTION, ETC.
Place of publication, distribution, etc. Bicester :
Name of publisher, distributor, etc. Wolters Kluwer (UK) Ltd, CCH Editions,
Date of publication, distribution, etc. 2007-
300 ## - PHYSICAL DESCRIPTION
Extent v.
Dimensions 23cm
650 ## - SUBJECT ADDED ENTRY--TOPICAL TERM
Topical term or geographic name entry element Taxation
Form subdivision Handbooks, manuals, etc.
Geographic subdivision Great Britain
9 (RLIN) 230
700 10 - ADDED ENTRY--PERSONAL NAME
Personal name Hardman, J. Philip.
9 (RLIN) 231
710 20 - ADDED ENTRY--CORPORATE NAME
Corporate name or jurisdiction name as entry element Chartered Institute of Taxation.
9 (RLIN) 232
710 20 - ADDED ENTRY--CORPORATE NAME
Corporate name or jurisdiction name as entry element Association of Taxation Technicians.
9 (RLIN) 233
942 ## - ADDED ENTRY ELEMENTS (KOHA)
Source of classification or shelving scheme
Koha item type Book
950 ## - LOCAL HOLDINGS (RLIN)
Permanent shelving location, LOC (RLIN) AKMAL
Holdings
Withdrawn status Lost status Source of classification or shelving scheme Damaged status Not for loan Collection code Home library Current library Shelving location Date acquired Total Checkouts Full call number Barcode Date last seen Price effective from Koha item type
          NON-FICTION AKMAL Melaka AKMAL Melaka PINJAMAN 17.04.2017   336.2009941 HAR 201700104 17.04.2017 17.04.2017 Book
Pusat Sumber Maklumat Dato' Haji Sarmin Md Hussin, Akademi Kastam Diraja Malaysia, Melaka
Tel: 06-2331106 | Faks: 06-2313787